Evénements du 1er décembre - Statistiques

Statistiques générales
  • Ce quiz a été pris 52 fois
  • Le résultat moyen est 6 sur 15
Statistiques - réponses
Hint Réponse % Correct
Henri V d'Angleterre entre dans Paris 1420
76%
Naissance de Louis VI le Gros 1081
63%
Naissance de Woody Allen 1935
49%
Pierre 1er est couronné empereur du Brésil 1822
46%
Nicolas 1er devient tsar de Russie 1825
46%
Naissance d'Alain Bashung 1947
39%
Mort de l'actrice Maria Pacôme 2018
39%
Naissance de l'acteur Pierre Arditi 1944
37%
Lancement du 1er numéro de Playboy 1953
37%
Naissance de Morris, créateur de Lucky Luke 1923
34%
La Papouasie-Nouvelle Guinée devient indépendante 1975
34%
Inauguration du Musée d'Orsay 1986
29%
Naissance de Marie Tussaud, fondatrice du musée de cire 1761
22%
L'Islande proclame son indépendance 1918
20%
Création de la Brigade criminelle en France 1924
7%
Aucun quiz correspondant
Distribution des résultats
% des personnes avec chaque résultat
Percentile par nombre de réponses
Votre historique - résultats
Vous n’avez pas pris ce quiz